| 000 | 00352nam a2200133Ia 4500 | ||
|---|---|---|---|
| 008 | 150202s9999 xx 000 0 und d | ||
| 020 | _a515125830 | ||
| 050 |
_aFIC _bFIC |
||
| 100 | _aMartini, Steve. | ||
| 245 |
_aCritical mass / _cSteve Martini. |
||
| 260 |
_aNew York : _bJove Books, _c1998. |
||
| 300 |
_a367 pages : _c17 cm. |
||
| 650 | _aFiction. | ||
| 999 |
_c282497 _d282497 |
||